A művészeti nevelés szerepe a gyermekek közösségformálásában

Bibliográfiai részletek
Szerző: Hegedűs Alícia
További közreműködők: Takács Dr. Edit
Dokumentumtípus: Diplomadolgozat
Kulcsszavak:gyerekek
képzőművészet
múzeumok
művészetek
nevelés
Online Access:http://dolgozattar.uni-bge.hu/59548

MARC

LEADER 00000nta a2200000 i 4500
001 dolg59548
005 20260409145220.0
008 260409suuuu hu om 000 hun d
040 |a BGE Dolgozattár Repozitórium  |b hun 
041 |a hu 
100 1 |a Hegedűs Alícia 
245 1 2 |a A művészeti nevelés szerepe a gyermekek közösségformálásában  |c Hegedűs Alícia  |h [elektronikus dokumentum] 
520 3 |a A szekunder és primer kutatás során a művészeti nevelés fontosságát és a gyermekeknek szánt művészeti programok jelenlegi közösségépítő szerepét vizsgáltam, illetve azt, hogy hogyan épül fel egy olyan gyermekrendezvénynek a szervezése, mint a Deák17 Galériában megrendezendő Világjáró Gyerekek Program.A szakirodalmi áttekintés során egyértelműen kirajzolódott, hogy a művészet mint pedagógiai eszköz nemcsak a kreativitást, hanem az érzelmi intelligenciát, az önkifejezést és a szociális készségeket is fejleszti. A vizuális, zenei és színházi nevelés különböző módon, de egyaránt szerepet játszik abban, hogy a gyermekek érzékenyebbek, nyitottabbak és együttműködőbbek legyenek. Aszakirodalmi áttekintőben fontosnak tartottam leírni a művészeti nevelés három fajtáját, ami nagyon jó alapot adott a saját kutatásomnak, hiszen a Deák17 Galéria dolgozói mind azon vannak, hogy a gyerekek megfelelő művészeti nevelésben részesülhessenek. 
695 |a gyerekek 
695 |a képzőművészet 
695 |a múzeumok 
695 |a művészetek 
695 |a nevelés 
700 1 |a Takács Dr. Edit  |e ths 
856 4 0 |u http://dolgozattar.uni-bge.hu/59548/1/Heged%C5%B1s%20Al%C3%ADcia_Szakdolgozat.pdf  |z Dokumentum-elérés 
856 4 0 |u http://dolgozattar.uni-bge.hu/59548/2/Heged%C3%BCs%20Al%C3%ADcia%20%C3%A9rt%C3%A9kel%C3%A9s.pdf  |z Dokumentum-elérés 
856 4 0 |u http://dolgozattar.uni-bge.hu/59548/3/Heged%C5%B1s%20Al%C3%ADcia_konzulens_b%C3%ADr%C3%A1lat_TE.pdf  |z Dokumentum-elérés